Parker Pyne investigates (Record no. 481813)

000 -LEADER
fixed length control field 00717 a2200169 4500
020 ## - INTERNATIONAL STANDARD BOOK NUMBER
International Standard Book Number 0007154828
040 ## - CATALOGING SOURCE
Original cataloging agency DLC
Language of cataloging DLC
082 00 - DEWEY DECIMAL CLASSIFICATION NUMBER
Classification number 823/.912
100 1# - MAIN ENTRY--PERSONAL NAME
Personal name Christie, Agatha,
245 10 - TITLE STATEMENT
Title Parker Pyne investigates
Statement of responsibility, etc. Agatha Christie.
260 ## - PUBLICATION, DISTRIBUTION, ETC.
Place of publication, distribution, etc. London:
Name of publisher, distributor, etc. Harper Collins,
Date of publication, distribution, etc. 1934.
300 ## - PHYSICAL DESCRIPTION
Extent 268p. ;
Dimensions 18 cm.
500 ## - GENERAL NOTE
General note "Also published as Mr. Parker Pyne, Detective."
520 ## - SUMMARY, ETC.
Summary, etc. When Mrs. Packington's husband begins to keep company with a young office girl, she turns to Parker Pyne, master of the human soul, for help, in the first of several cases that take him from the ancient city of Baghdad to the tombs of the Pharaohs.
650 #0 - SUBJECT ADDED ENTRY--TOPICAL TERM
Topical term or geographic name entry element Detective and mystery stories, English.
942 ## - ADDED ENTRY ELEMENTS (KOHA)
Koha item type Book
Source of classification or shelving scheme
Holdings
Withdrawn status Lost status Source of classification or shelving scheme Damaged status Not for loan Permanent Location Current Location Date acquired Total Checkouts Full call number Barcode Date last seen Price effective from Koha item type
          School of Civil and Environmental Engineering (SCEE) School of Civil and Environmental Engineering (SCEE) 01/22/2020   823.912 CHR NIT-9341 01/22/2020 01/22/2020 Book
© 2023 Central Library, National University of Sciences and Technology. All Rights Reserved.